Central Library OPAC University of Rajshahi

Applied calculus with linear programming for business, economics, life sciences, and social sciences / (Record no. 69640)

MARC details
000 -LEADER
fixed length control field 00870nam a2200265 a 4500
001 - CONTROL NUMBER
control field 69640
003 - CONTROL NUMBER IDENTIFIER
rucl marc code BD-RjUL
005 - DATE AND TIME OF LATEST TRANSACTION
control field 20211209081918.0
008 - FIXED-LENGTH DATA ELEMENTS--GENERAL INFORMATION
fixed length control field 170412s1999 njua 001 0 eng d
020 ## - INTERNATIONAL STANDARD BOOK NUMBER
International Standard Book Number 0536024499
035 ## - SYSTEM CONTROL NUMBER
System control number (BD-RjUL)69852
040 ## - CATALOGING SOURCE
Original cataloging agency DLC
Transcribing agency DLC
Modifying agency DLC
-- BD-RjUL
Language of cataloging eng
041 ## - LANGUAGE CODE
Language code of text/sound track or separate title eng
082 00 - DEWEY DECIMAL CLASSIFICATION NUMBER
Edition number 23
Classification number 515.15
Author mark and year BAA 1999
100 1# - MAIN ENTRY--PERSONAL NAME
Personal name Barnett, Raymond A.
9 (RLIN) 201431
245 10 - TITLE STATEMENT
Title Applied calculus with linear programming for business, economics, life sciences, and social sciences /
Statement of responsibility, etc. Raymond A. Barnett and Michael R. Ziegler.
250 ## - EDITION STATEMENT
Edition statement 5th ed.
260 ## - PUBLICATION, DISTRIBUTION, ETC. (IMPRINT)
Place of publication, distribution, etc. Needham Heights, MA :
Name of publisher, distributor, etc. Pearson Custom Pub.,
Date of publication, distribution, etc. c1999.
300 ## - PHYSICAL DESCRIPTION
Pagination vi, 974 p. :
Illustrations ill. (some col.) ;
Size 27 cm.
500 ## - GENERAL NOTE
General note Includes indexes.
650 #0 - SUBJECT ADDED ENTRY--TOPICAL TERM
Topical term or geographic name as entry element Calculus.
9 (RLIN) 206269
Topical term or geographic name as entry element Linear programming.
9 (RLIN) 206270
700 1# - ADDED ENTRY--PERSONAL NAME
Personal name Ziegler, Michael R.
942 ## - ADDED ENTRY ELEMENTS (KOHA)
Source of classification or shelving scheme Dewey Decimal Classification
Koha item type Books
Holdings
Lost status Source of classification or shelving scheme Damaged status Not for loan Collection code Permanent Location Current Location Shelving location Date acquired Source of acquisition Cost, normal purchase price Total Checkouts Full call number Date last seen Copy number Koha item type
  Dewey Decimal Classification   Not For Loan Non-fiction Central Library, University of Rajshahi Central Library, University of Rajshahi Reading Room 25/07/2007 Dhaka, Paragan Enterprises ltd. 140.60   515.15 BAA 1999 12/04/2017 C-1 Books